000 00507nam a2200193Ia 4500
001 64017
008 191102n ii |||gr||||Z||||||hin
020 _a9788126705047
082 _a891.43309
100 _aSarmah,Ram Bilas .
245 0 _aPremchand Aur Unki Yog
_cBy Ram Bilas Sarmah
_hTextual Documents
250 _aRev Edn.
260 _aDelhi
_bRajkamal prakashan
_c2018.
300 _a283pg:
_c23cm.
653 _aHindi
653 _aPremchand Aur Unki Yog
653 _aG-Hindi
942 _2ddc
_cBK
999 _c65117
_d65117